Формы и декор татарских национальных костюмов (Запись № 10273346)

Подробности
000 -МАРКЕР
контрольное поле 01823nam0a2200337 i 4500
001 - ИДЕНТИФИКАТОР ЗАПИСИ
контрольное поле RU\NLR\BIBL_A\010827880
005 - ИДЕНТИФИКАТОР ВЕРСИИ
контрольное поле 20260406021255.0
010 ## - МЕЖДУНАРОДНЫЙ СТАНДАРТНЫЙ НОМЕР КНИГИ (ISBN)
Номер (ISBN) 9785788217543
Тираж 100
021 ## - НОМЕР ГОСУДАРСТВЕННОЙ РЕГИСТРАЦИИ
Код страны российская федерация
Номер 2015-55283
Номер Листа государственной регистраци 3268
035 ## - ДРУГИЕ СИСТЕМНЫЕ НОМЕРА
Идентификатор записи (NILC)RuMoRGB-007983957
035 ## - ДРУГИЕ СИСТЕМНЫЕ НОМЕРА
Идентификатор записи (NLR Aleph) 010827880
100 ## - ДАННЫЕ ОБЩЕЙ ОБРАБОТКИ
Данные общей обработки 20150902d2015 u y0rusy50 ca
101 0# - ЯЗЫК РЕСУРСА
Язык текста, звукозаписи и т.д. русский
102 ## - СТРАНА ПУБЛИКАЦИИ ИЛИ ПРОИЗВОДСТВА
Страна публикации российская федерация
105 ## - ПОЛЕ КОДИРОВАННЫХ ДАННЫХ: ТЕКСТОВЫЕ МАТЕРИАЛЫ, МОНОГРАФИЧЕСКИЕ
Кодированные данные о монографическом текстовом документе ac||j|||000yy
200 1# - ЗАГЛАВИЕ И СВЕДЕНИЯ ОБ ОТВЕТСТВЕННОСТИ
Основное заглавие Формы и декор татарских национальных костюмов
Сведения, относящиеся к заглавию учебное пособие
-- [для бакалавров всех форм обучения по направлениям подготовки 54.03.01 "Дизайн" и 53.03.03 "Искусство костюма и текстиля"]
Первые сведения об ответственности Э.А. Хамматова, Э.А. Гадельшина, И.Н. Галиев
Последующие сведения об ответственности М-во образования и науки Рос. Федерации, Федер. гос. бюджет. образоват. учреждение высш. проф. образования "Каз. нац. исслед. технол. ун-т"
210 ## - ПУБЛИКАЦИЯ, РАСПРОСТРАНЕНИЕ И ДР.
Место издания, распространения и т.д. Казань
Имя издателя, распространителя и т. д. Изд-во КНИТУ
Дата издания, распространения и т.д. 2015
215 ## - ФИЗИЧЕСКАЯ ХАРАКТЕРИСТИКА
Специфическое обозначение материала и объем 85, [1] с.
Другие сведения о физической характеристике ил., портр., цв. ил.
Размеры 20
320 ## - ПРИМЕЧАНИЯ О НАЛИЧИИ В ДОКУМЕНТЕ БИБЛИОГРАФИИ / УКАЗАТЕЛЯ
Текст примечания Библиогр. в конце кн. (35 назв.)
606 ## - НАИМЕНОВАНИЕ ТЕМЫ КАК ПРЕДМЕТ
Наименование темы Костюм татарский
Формальный подзаголовок Учебные издания
Системный номер авторитетной/нормативной записи 1482834
Идентификатор авторитетной/нормативной записи RU\NLR\AUTH\66632608
686 1# - ИНДЕКСЫ ДРУГИХ КЛАССИФИКАЦИЙ
Индекс Щ126.63(2Р=Тат)я7
700 #1 - ИМЯ ЛИЦА - ПЕРВИЧНАЯ ОТВЕТСТВЕННОСТЬ
Материалы, к которым относится поле rus
Графика поля Кириллица
Начальный элемент ввода Хамматова
Часть имени, кроме начального элемента ввода Э. А.
Расширение инициалов личного имени Эльмира Айдаровна
Идентификатор авторитетной/нормативной записи RU\NLR\AUTH\77122780
Системный номер авторитетной/нормативной записи 105705
701 #1 - ИМЯ ЛИЦА - АЛЬТЕРНАТИВНАЯ ОТВЕТСТВЕННОСТЬ
Начальный элемент ввода Гадельшина
Часть имени, кроме начального элемента ввода Э. А.
701 #1 - ИМЯ ЛИЦА - АЛЬТЕРНАТИВНАЯ ОТВЕТСТВЕННОСТЬ
Начальный элемент ввода Галиев
Часть имени, кроме начального элемента ввода И. Н.
801 #0 - ИСТОЧНИК ЗАПИСИ
Страна российская федерация
Организация РГБ
Дата составления 20150724
Правила каталогизации RCR
801 #1 - ИСТОЧНИК ЗАПИСИ
Страна российская федерация
Организация РГБ
Дата составления 20150724
Источник данных rusmarc
942 ## - ДОПОЛНИТЕЛЬНЫЕ ЭЛЕМЕНТЫ ЗАПИСИ (АБИС)
Тип экземпляра АБИС Книга
980 ## - КОЛЛЕКЦИЯ
Название коллекции НБР

Нет доступных экземпляров.